000 00571nam a22001817a 4500
005 20251108164838.0
008 250721s1992 xx 000 0 ara d
082 1 4 _a810.909/خفا
100 1 _aخفاجي، محمد عبد المنعم
245 1 0 _aدراسات في الأدب العربي الحديث و مدارسه /
264 1 _aبيروت :
_bدار الجيل،
_c1992.
300 _a2ج في مج
650 1 7 _aالأدب العربي
650 1 7 _aالنقد الأدبي
650 1 7 _aالقرن العشرون
942 _2ddc
_cBK
999 _c15730
_d15730